The art of pulic speaking (Record no. 34869)

MARC details
000 -LEADER
fixed length control field 00695nam a2200217 a 4500
008 - FIXED-LENGTH DATA ELEMENTS--GENERAL INFORMATION
fixed length control field 120416s2001 ||||||||||||||||| || u
020 ## - INTERNATIONAL STANDARD BOOK NUMBER
International Standard Book Number 0072315695
020 ## - INTERNATIONAL STANDARD BOOK NUMBER
International Standard Book Number 0072383917
020 ## - INTERNATIONAL STANDARD BOOK NUMBER
International Standard Book Number 0071180036
050 ## - LIBRARY OF CONGRESS CALL NUMBER
Classification number PN 4121 Luc
100 ## - MAIN ENTRY--PERSONAL NAME
Personal name Lucas, Stephen, 1946-
245 14 - TITLE STATEMENT
Title The art of pulic speaking
250 ## - EDITION STATEMENT
Edition statement 7th ed.
260 ## - PUBLICATION, DISTRIBUTION, ETC.
Place of publication, distribution, etc. Boston, Mass. :
Name of publisher, distributor, etc. McGraw-Hill
Date of publication, distribution, etc. 2001
300 ## - PHYSICAL DESCRIPTION
Extent xxxiv, 474 p. : col. ill.
350 ## - PRICE (NR) (BK AM CF MU VM SE) [OBSOLETE]
Price 0.00
500 ## - GENERAL NOTE
General note Bibliography
650 ## - SUBJECT ADDED ENTRY--TOPICAL TERM
Topical term or geographic name entry element PUBLIC SPEAKING
650 ## - SUBJECT ADDED ENTRY--TOPICAL TERM
Topical term or geographic name entry element SPEECH
995 ## - RECOMMENDATION 995 [LOCAL, UNIMARC FRANCE]
-- 0.00
-- CBU-MAIN LIBRARY (Kitwe)
-- 1
-- 40.00
-- 1
-- AVAILABLE
-- Jun 19, 2006
-- Main Library Open Access Collection
Holdings
Withdrawn status Lost status Source of classification or shelving scheme Damaged status Not for loan Home library Current library Shelving location Date acquired Total Checkouts Full call number Barcode Date last seen Price effective from Koha item type
          CBU-MAIN LIBRARY, KITWE. CBU-MAIN LIBRARY, KITWE.   11/30/2022   PN 4121 Luc 41572 11/30/2022 11/30/2022 MONOGRAPH